Loading...
| Science - Other | 0 | 6 | 0 | 0 | 60 | 46 | 54.17 | 3 | 6 | 0.00 | 0.00 |
| Fine Arts - Classical Music | 0 | 6 | 1 | 3 | 55 | 63 | 99.33 | 2 | 4 | 0.00 | 0.00 |
| Science - Physics | 0 | 6 | 2 | 1 | 50 | 26 | 51.83 | 3 | 6 | 0.00 | 0.00 |
| Science - Chemistry | 0 | 4 | 1 | 0 | 35 | 27 | 59.50 | 2 | 4 | 0.00 | 0.00 |
| Social Science | 0 | 2 | 0 | 0 | 20 | 16 | 44.00 | 1 | 1 | 0.00 | 0.00 |
| Literature - European | 0 | 1 | 0 | 0 | 10 | 67 | 67.00 | 0 | 1 | 0.00 | 0.00 |
| Fine Arts - Other | 0 | 1 | 2 | 0 | 0 | 91 | 91.00 | 0 | 1 | 0.00 | 0.00 |
| Literature - British | 0 | 0 | 1 | 0 | -5 | 0.00 | 0 | 0 | 0.00 | 0.00 | |
| Literature - American | 0 | 0 | 1 | 0 | -5 | 0.00 | 0 | 0 | 0.00 | 0.00 |